A szövetkezeti mozgalom lehetséges szerepe napjaink magyar agráriumában
Elmentve itt :
| Szerzők: | |
|---|---|
| Testületi szerző: | |
| Dokumentumtípus: | Könyv része |
| Megjelent: |
2020
|
| Sorozat: | Lectiones iuridicae
25 Gazdasági tendenciák és jogi kihívások a 21. században 2. 25 |
| Kulcsszavak: | Gazdasági jog - 21. sz., Mezőgazdasági jog - Magyarország - 21. sz. |
| Tárgyszavak: | |
| Online Access: | http://acta.bibl.u-szeged.hu/70498 |
| LEADER | 01021naa a2200253 i 4500 | ||
|---|---|---|---|
| 001 | acta70498 | ||
| 005 | 20220107143102.0 | ||
| 008 | 200915s2020 hu o 0|| hun d | ||
| 020 | |a 978-615-5411-92-2 | ||
| 022 | |a 2062-5588 | ||
| 040 | |a SZTE Egyetemi Kiadványok Repozitórium |b hun | ||
| 041 | |a hun | ||
| 100 | 1 | |a Prugberger Tamás | |
| 245 | 1 | 2 | |a A szövetkezeti mozgalom lehetséges szerepe napjaink magyar agráriumában |h [elektronikus dokumentum] / |c Prugberger Tamás |
| 260 | |c 2020 | ||
| 300 | |a 123-141 | ||
| 490 | 0 | |a Lectiones iuridicae |v 25 | |
| 490 | 0 | |a Gazdasági tendenciák és jogi kihívások a 21. században 2. |v 25 | |
| 650 | 4 | |a Társadalomtudományok | |
| 650 | 4 | |a Jogtudomány | |
| 695 | |a Gazdasági jog - 21. sz., Mezőgazdasági jog - Magyarország - 21. sz. | ||
| 700 | 0 | 1 | |a Csák Csilla |e aut |
| 710 | |a Új kutatási irányok az agrár- és környezetvédelmi jog területén (2019) (Szeged) | ||
| 856 | 4 | 0 | |u http://acta.bibl.u-szeged.hu/70498/1/lectiones_iuridicae_025_123-141.pdf |z Dokumentum-elérés |